| 000 | 00778nam a2200229 a 4500 | ||
|---|---|---|---|
| 001 | BRCA_8266 | ||
| 005 | 20190320210213.0 | ||
| 008 | 060614s1946----mx-ac##f##---#000-0#spa-# | ||
| 041 | _aspa | ||
| 044 | _amx | ||
| 050 | 4 |
_aHF5001 _b.R68 1946 |
|
| 245 | 1 | 0 |
_aLos cuatro fines de Rotary _b[compendio de biografías de los integrantes de la Mesa Directiva] _cClub Rotario de México. |
| 260 |
_aMéxico _bInternational Rotary Club _c1946 |
||
| 300 |
_a1 v. (sin paginación) _bil., retratos _c19 cm. |
||
| 500 | _aEn portada: Franz Mayer ´87 | ||
| 500 | _aS27 | ||
| 650 | 1 | 4 |
_aAsociaciones financieras _vManuales _zMéxico _920640 |
| 650 | 1 | 4 |
_aAsociaciones financieras _vBiografías _zMéxico _920641 |
| 710 | 2 |
_aClub Rotario de México _920642 |
|
| 902 | _aGFM | ||
| 942 |
_2lcc _cB |
||
| 999 |
_c7934 _d7934 |
||